| 000 | 01004nam a2200289 i 4500 | ||
|---|---|---|---|
| 003 | EG-GICUC | ||
| 005 | 20260413095444.0 | ||
| 008 | 260413s1876 fr |||fr|||| 00| 0 fre d | ||
| 040 |
_aEG-GiCUC _bfre _cEG-GiCUC _dEG-GiCUC _eRda |
||
| 082 | 0 | 4 |
_221 _a343.372122 _bMA . T |
| 092 | 0 | 4 | _221 |
| 099 | _aLaw1 10 343.372122 MA . T 1876 | ||
| 100 | 1 |
_aMangin, M _eAuteur |
|
| 245 | 1 | 0 |
_aTraité De L'action Publique Et De L'action Civile en Matière Criminelle. _nTome Premier / _cPar M. Mangin. |
| 250 | _aTroisième Édition | ||
| 264 | 1 |
_aParis : _bL. Larose, Libraire-éditeur, _c1876. |
|
| 300 |
_a449 page ; _c 24 cm. |
||
| 336 |
_2rda contenu _a texte |
||
| 337 |
_2rda medias _aOrdinateur |
||
| 338 |
_2 transporteur rda _a Ressource en ligne |
||
| 650 | 1 |
_aLa Justice Pénale en Tant Que Système De Justice Naturelle _2qrmak |
|
| 650 | 1 |
_aDroit De Pénal _2qrmak |
|
| 651 | 1 | _2qrmak | |
| 856 | 4 | 0 | _uhttps://fll.law.cu.edu.eg/fulltext/bks/B10-09002.pdf |
| 905 | _a54 | ||
| 942 |
_2ddc _cBK _e21 _n0 |
||
| 999 |
_c70511 _d70511 |
||